000 00419cam a22001691 4500
001 44687
090 _a44687
100 _a19870501d1972 m y0pory5003 ba
101 0 _apor
102 _aPT
200 1 _aOs fidalgos da casa mourisca
_fJúlio Dinis
210 9 _aPorto
_cLivraria Figueirinhas,
_d[19--]
215 _a448 p.
675 _a821.134.3-31"18"
_vBN
_zpor
700 1 _aDinis,
_bJúlio,
801 0 _aPT
_bBN
_gRPC
990 _cLIVROS